|
|
|
|
| LEADER |
01914nam a2200349 a 4500 |
| 001 |
16876600 |
| 008 |
120604s2010 caua 001 0 eng |
| 010 |
|
|
|a 2011290146
|
| 020 |
|
|
|a 9781439048757
|
| 020 |
|
|
|a 9781439048443
|
| 020 |
|
|
|a 1439048444
|
| 040 |
|
|
|a DLC
|c DLC
|d DLC
|d BD-DhAAL
|
| 042 |
|
|
|a pcc
|
| 050 |
0 |
0 |
|a QC21.3
|b .S4674 2010
|
| 082 |
0 |
0 |
|a 530
|2 22
|
| 100 |
1 |
|
|a Serway, Raymond A.
|
| 245 |
1 |
0 |
|a Physics for scientists and engineers with modern physics /
|b John W. Jewett, Jr., Raymond A. Serway ; with contributions from Vahé Peroomian
|
| 250 |
|
|
|a 8th ed.
|
| 260 |
|
|
|a Belmont, CA :
|b Brooks/Cole, Cengage Learning,
|c c2010.
|
| 300 |
|
|
|a xxxii, 1440, 54, 25 p. :
|b ill. (chiefly col.) ;
|c 29 cm.
|
| 500 |
|
|
|a Includes index.
|
| 541 |
|
|
|e 00025336
|
| 650 |
|
0 |
|a Physics
|v Textbooks.
|
| 700 |
1 |
|
|a Jewett, John W.
|
| 852 |
1 |
|
|a Ayesha Abed Library
|c General shelf.
|
| 942 |
0 |
0 |
|0 2
|
| 999 |
|
|
|c 12348
|d 12348
|
| 952 |
|
|
|0 0
|1 0
|2 ddc
|4 0
|6 530_SER
|7 0
|9 20407
|a BRACUL
|b BRACUL
|c GEN
|d 2012-06-04
|e Essence Science Publications
|g 5350.00
|l 18
|m 106
|o 530 SER
|p 3010025336
|r 2026-01-11
|s 2026-01-03
|t 1
|w 2012-06-04
|y BK
|
| 952 |
|
|
|0 0
|1 0
|2 ddc
|4 0
|6 530_SER
|7 0
|9 20408
|a BRACUL
|b BRACUL
|c GEN
|d 2012-06-04
|e Essence Science Publications
|g 5350.00
|l 16
|m 132
|o 530 SER
|p 3010025332
|r 2018-09-18
|s 2017-11-30
|t 2
|w 2012-06-04
|y BK
|
| 952 |
|
|
|0 0
|1 0
|2 ddc
|4 0
|6 530_000000000000000_SER
|7 0
|9 20409
|a BRACUL
|b BRACUL
|c GEN
|d 2012-06-04
|e Essence Science Publications
|g 5350.00
|l 32
|m 166
|o 530 SER
|p 3010025333
|r 2026-02-01
|s 2026-01-11
|t 3
|w 2012-06-04
|y BK
|
| 952 |
|
|
|0 0
|1 0
|2 ddc
|4 0
|6 530_000000000000000_SER
|7 0
|9 20410
|a BRACUL
|b BRACUL
|c GEN
|d 2012-06-04
|e Essence Science Publications
|g 5350.00
|l 26
|m 94
|o 530 SER
|p 3010025334
|r 2026-03-04
|s 2026-01-05
|t 4
|w 2012-06-04
|y BK
|
| 952 |
|
|
|0 0
|1 0
|2 ddc
|4 0
|6 530_SER
|7 0
|9 20411
|a BRACUL
|b BRACUL
|c GEN
|d 2012-06-04
|e Essence Science Publications
|g 5350.00
|l 19
|m 95
|o 530 SER
|p 3010025335
|r 2025-11-30
|s 2025-11-23
|t 5
|w 2012-06-04
|y BK
|